[Event "Carpuela CupT U20 6th"]
[Site "Carpuela"]
[Date "2015.06.02"]
[Round "2.2"]
[White "Gallardo Ortiz, Erick Esteban"]
[Black "Martinez Maya, Joel Alexander"]
[Result "1-0"]
[WhiteElo "1664"]
[BlackElo "1738"]
[PlyCount "33"]
[EventDate "2015.06.01"]
[EventType "team-swiss"]
[EventRounds "7"]
[EventCountry "ECU"]
[SourceTitle "CBM 166 Extra"]
[Source "ChessBase"]
[SourceDate "2015.06.18"]
[SourceVersion "1"]
[SourceVersionDate "2015.06.18"]
[SourceQuality "1"]
[WhiteTeam "Pichincha"]
[BlackTeam "El Oro"]
[WhiteTeamCountry "ECU"]
[BlackTeamCountry "ECU"]

1. e4 c5 2. Nf3 Nc6 3. Bb5 Qb6 4. Nc3 e6 5. 0-0 Nge7 6. Re1 Nd4 7. Ba4 Nec6 8. d3 Be7 9. Bxc6 bxc6 10. Ne5 d6 11. Nc4 Qd8 12. f4 0-0 13. a4 a5 14. Nb1 Rb8 15. Nbd2 e5 16. f5 Ba6 17. c3 1-0

[Event "Carpuela CupT U20 6th"]
[Site "Carpuela"]
[Date "2015.06.02"]
[Round "3.2"]
[White "Requelme Romero, Jose"]
[Black "Gallardo Ortiz, Erick Esteban"]
[Result "1-0"]
[WhiteElo "1705"]
[BlackElo "1664"]
[PlyCount "67"]
[EventDate "2015.06.01"]
[EventType "team-swiss"]
[EventRounds "7"]
[EventCountry "ECU"]
[SourceTitle "CBM 166 Extra"]
[Source "ChessBase"]
[SourceDate "2015.06.18"]
[SourceVersion "1"]
[SourceVersionDate "2015.06.18"]
[SourceQuality "1"]
[WhiteTeam "Azuay"]
[BlackTeam "Pichincha"]
[WhiteTeamCountry "ECU"]
[BlackTeamCountry "ECU"]

1. e4 e6 2. d4 d5 3. exd5 exd5 4. Bd3 Bd6 5. c3 Ne7 6. Qc2 Ng6 7. Ne2 Nd7 8. 0-0 Nf6 9. Nd2 0-0 10. Re1 Bxh2+ 11. Kxh2 Ng4+ 12. Kg1 Qh4 13. Nf3 Qxf2+ 14. Kh1 Nh4 15. Neg1 Qg3 16. Re2 Bd7 17. Bg5 Ng6 18. Bxg6 hxg6 19. Bh4 Qd6 20. Ne5 Bf5 21. Qd2 f6 22. Nxg4 Bxg4 23. Re3 Kf7 24. Bg3 Rh8+ 25. Nh3 Qd7 26. Rae1 Kf8 27. Re7 Qf5 28. Qf4 Rc8 29. Qxf5 Bxf5 30. Bxc7 Be4 31. Bd6 Rxh3+ 32. Kg1 Rc6 33. R7xe4+ Rxd6 34. Re8+ 1-0

[Event "ECU-chT U20"]
[Site "Carpuela"]
[Date "2014.05.03"]
[Round "2.4"]
[White "Villarreal Munoz, Brayan Alexi"]
[Black "Gallardo Ortiz, Erick Esteban"]
[Result "0-1"]
[WhiteElo "1531"]
[BlackElo "1628"]
[PlyCount "96"]
[EventDate "2014.05.03"]
[EventType "team-swiss"]
[EventRounds "7"]
[EventCountry "ECU"]
[SourceTitle "CBM 160 Extra"]
[Source "ChessBase"]
[SourceDate "2014.07.01"]
[SourceVersion "1"]
[SourceVersionDate "2014.07.01"]
[SourceQuality "1"]
[WhiteTeam "Carchi"]
[BlackTeam "Pichincha"]
[WhiteTeamCountry "ECU"]
[BlackTeamCountry "ECU"]

1. e4 c5 2. f4 Nc6 3. Nf3 e6 4. Bb5 Nf6 5. e5 Nd5 6. d3 d6 7. c4 Nb6 8. Nc3 d5 9. Bxc6+ bxc6 10. b3 Be7 11. 0-0 0-0 12. Qe1 a5 13. a4 Nd7 14. Ba3 Nb8 15. Qg3 Na6 16. h4 Qb6 17. Rab1 Nb4 18. Nd2 Qd8 19. h5 Nc2 20. Bc1 g6 21. Nf3 Rb8 22. h6 Nd4 23. Nxd4 cxd4 24. Ne2 dxc4 25. dxc4 Ba6 26. Qd3 c5 27. Bd2 Qc7 28. Ng3 Bb7 29. Ne4 Bxe4 30. Qxe4 Rfd8 31. Qd3 Bf8 32. Rf3 Bxh6 33. Rh3 Bg7 34. Kf2 f5 35. Rbh1 h6 36. Rg3 Kf7 37. Rgh3 Rh8 38. g4 g5 39. fxg5 hxg5 40. Rxh8 Rxh8 41. Rxh8 Bxh8 42. gxf5 exf5 43. Qg3 Kg6 44. Ke2 Qe7 45. e6 Bf6 46. Qb8 Qxe6+ 47. Kf2 d3 48. Qb5 Qe2+ 0-1